000 00570nam a2200193Ia 4500
005 20250326142858.0
008 250326s9999 xx 000 0 und d
020 _a0-13-014574-2
037 _aTextbook
040 _aFMSL
_beng
_cFMSL
041 _aeng
_2eng
084 _aX:9 P2
_qFMSL
100 _aDecenzo David A.
245 0 _aHuman relations: personal and professional development
_cDecenzo David A.; Silhanek Beth
260 _aNew Jersey
_bNew Jersey, Prentice Hall
_c2002
300 _a385p
942 _cTB
_hX:9 P2
999 _c1297078
_d1297078